000 00280nam a22001217a 4500
008 181017b xxu||||| |||| 00| 0 eng d
041 _aeng
080 _a370
100 _a48
101 _aEDU
245 _aThe Paris Rewiev Writers At Work
_cForster.E.M
942 _2udc
_cBK
999 _c49953
_d49953